Normale Ansicht MARC-Ansicht ISBD

Heinrich von Oertzen auf Trieglaff, der erste nationale Landrat des Greifenberger Kreises in der Zeit der Erhebung Preußens gegen Napoleon : (Titelsatznr. 10896)

[ MARC ]
MARC-Details
000 -Satzkennung
Kontrollfeld mit fester Länge 00541nam a22001451c 4500
001 - Kontrollnummer
Kontrollfeld a987656222
008 - Feld mit fester Länge zur physischen Beschreibung - Allgemeine Angaben
Kontrollfeld mit fester Länge 070514s1932 gw |||| 000u ger d
041 ## - Sprachcode
Sprachcode des Textes/der Tonspur oder des separaten Titels ger
040 ## - Katalogisierungsquelle
Übertragungsstelle RU-10907106
003 - Kontrollnummer Identifier
Kontrollfeld RU-10907106
100 1# - Haupteintragung - Personenname
Personenname Thadden-Trieglaff, Reinold von
245 00 - Titel
Titel Heinrich von Oertzen auf Trieglaff, der erste nationale Landrat des Greifenberger Kreises in der Zeit der Erhebung Preußens gegen Napoleon :
Zusatz zum Titel Ein Lebensbild nach seinen Briefen
264 ## - Produktion, Veröffentlichung, Distribution, Herstellung und Urheberrechtsvermerk
Herstellungs-, Veröffentlichungs- Vertriebs-, Erzeugungsort Greifenberg i. Pommern :
Produzent, Herausgeber, Distributor, Hersteller Greifenberger Kreisdruckerei,
Datum der Herstellung, der Veröffentlichung, des Vertriebs oder des Urheberschutzvermerks 1932
942 ## - Zusätzliche Felder (Koha)
Koha-Medientyp Monographien
Exemplare
Ausgeschieden Verloren Beschädigt Nicht entleihbar Heimatbibliothek Aufenthaltsbibliothek Aufstellungsort Erwerbungsdatum Inventarnummer Signatur Barcode Letzte Aktivität Preis gültig von Koha-Medientyp
  Vermisst     MWN Osteuropa MWN Osteuropa Lesesaal - 1 14/05/2007 07-02143 D 41 n Pomm 10898 22/02/2021 22/03/2021 Monographien